000 00948nam a22002417a 4500
005 20180706155457.0
010 _a1718EN-30 B-688150-153 ENG-123501
020 _c125.00
_a9788126049998
035 _aB-688150-153 EN-107033
037 _bSahitya Akadmi
_adpl
037 _bDBAD/PUB.
082 _bMIS
_a881.08
100 _aMishra, Bhawani Prasad
245 _aA women rope :
_cby Bhawani Prasad MIshra :translated by Alka Tyagi
_bbuni huyi rassi /
260 _aNew Delhi
_bSahitya Academi
_c2016
270 _bNew Delhi
_arabindra bhawan, 35, firoz shah marg
_e110001
300 _aviii, 129p.
_c21cm(pbk)
650 _aLiterature
650 _aPoetry
700 _aTyagi, Alka
_923015
942 _2ddc
_cEN
_mMIS
_h881.08
999 _c146158
_d146158